[Event "Challenge"]
[Site "http://www.queenalice.com/game.php?id=953168"]
[Date "2011.6.23"]
[Round "-"]
[White "don_quixote_del_flamingo"]
[Black "serrato987"]
[Result "0-1"]
[WhiteElo "1978"]
[BlackElo "2045"]

1. d4 d5 2. c4 c6 3. Nc3 Nf6 4. Nf3 e6 5. Bg5 Be7 6. e3 Nbd7 7. Bd3 dxc4 8. Bxc4
b5 9. Bd3 Bb7 10. O-O O-O 11. a3 a6 12. Bc2 c5 13. dxc5 Bxc5 14. e4 Qc7 15. Qd3
Ne5 16. Nxe5 Qxe5 17. Bxf6 Qxf6 18. e5 Qh4 19. b4 Rad8 20. Qe2 Bd4 21. Ne4 Bxa1
22. Rxa1 Rd4 23. Nd6 Ba8 24. Rb1 Qg5 25. Rd1 Qxg2# 0-1

[Event "Challenge"]
[Site "http://www.queenalice.com/game.php?id=959479"]
[Date "2011.7.12"]
[Round "-"]
[White "Knight1"]
[Black "don_quixote_del_flamingo"]
[Result "1-0"]
[WhiteElo "1965"]
[BlackElo "1981"]

1. e4 e6 2. d4 d5 3. exd5 exd5 4. Nf3 Nf6 5. Bd3 Bd6 6. c4 O-O 7. O-O dxc4 8.
Bxc4 Bg4 9. Nc3 c6 10. h3 Bh5 11. g4 Bg6 12. Ne5 Nbd7 13. f4 c5 14. f5 cxd4 15.
Nxd7 Nxd7 16. fxg6 Qh4 17. gxf7+ Kh8 18. Ne4 Qxh3 19. Rf2 Bg3 20. Rg2 Bh4 21.
Rh2 Bf2+ 22. Kh1 1-0

[Event "AUTO-OPEN-2249"]
[Site "http://www.queenalice.com/game.php?id=962098"]
[Date "2011.7.19"]
[Round "2"]
[White "don_quixote_del_flamingo"]
[Black "Tinoco"]
[Result "1-0"]
[WhiteElo "1996"]
[BlackElo "1902"]

1. d4 d5 2. c4 c6 3. Nc3 Bf5 4. Nf3 e6 5. Bf4 f6 6. e3 g5 7. Bg3 h5 8. h3 g4 9.
Nh4 Bh7 10. hxg4 hxg4 11. Ng6 f5 12. Nxh8 Bg7 13. Rxh7 Bh6 14. Nf7 Qf6 15. Nxh6
Nxh6 16. cxd5 exd5 17. Rxb7 f4 18. Bxf4 Nd7 19. Bxh6 Qxh6 20. Qxg4 Qh7 21. Qe6+
Kd8 22. Rxd7+ Qxd7 23. Qxd7+ Kxd7 24. f4 Rh8 25. Kf2 Rh1 26. Nxd5 cxd5 27. Bb5+
1-0

[Event "AUTO-OPEN-2249"]
[Site "http://www.queenalice.com/game.php?id=962099"]
[Date "2011.7.19"]
[Round "2"]
[White "Tinoco"]
[Black "don_quixote_del_flamingo"]
[Result "0-1"]
[WhiteElo "1903"]
[BlackElo "1997"]

1. c4 Nf6 2. Nc3 g6 3. e3 c5 4. Nf3 Bg7 5. Bd3 O-O 6. h3 Nc6 7. a3 d5 8. cxd5
Nxd5 9. Be4 Be6 10. Ng5 Nxc3 11. bxc3 Bd5 12. Qf3 Bxe4 13. Qxe4 e5 14. Nf3 f5
15. Qc4+ Kh8 16. Ng5 Qxg5 17. Rg1 Rac8 18. Rb1 b6 19. Bb2 e4 20. g3 Ne5 21. Qa6
Nf3+ 22. Ke2 Nxg1+ 23. Rxg1 Qh5+ 24. g4 fxg4 25. hxg4 Qh2 26. Rf1 Qg2 27. Qxa7
Qxg4+ 28. Ke1 Rfd8 29. Rh1 Rd6 30. c4 Qd7 31. Bxg7+ Kxg7 32. Qxd7+ Rxd7 33. Ke2
Ra8 34. Ra1 Rda7 35. f3 exf3+ 36. Kxf3 Rxa3 37. Rb1 R8a6 38. Ke4 h5 39. Kd5 Rd3+
40. Kc6 Rxd2 41. Kb7 Ra4 42. Kxb6 Rb4+ 43. Rxb4 cxb4 44. c5 b3 45. c6 b2 0-1

[Event "AUTO-OPEN-2249"]
[Site "http://www.queenalice.com/game.php?id=962100"]
[Date "2011.7.19"]
[Round "2"]
[White "don_quixote_del_flamingo"]
[Black "Pagano"]
[Result "1-0"]
[WhiteElo "1964"]
[BlackElo "1842"]

1. d4 d5 2. c4 c6 3. Nc3 Nf6 4. Nf3 dxc4 5. a4 Bf5 6. Bg5 Ne4 7. e3 Nxc3 8. bxc3
b5 9. Nh4 Qd5 10. Nxf5 Qxf5 11. f4 Nd7 12. Qf3 Rc8 13. axb5 cxb5 14. Rxa7 e5 15.
dxe5 Qb1+ 16. Kf2 Qc2+ 17. Be2 f6 18. Qb7 Rd8 19. exf6 gxf6 20. Bxf6 1-0

[Event "AUTO-OPEN-2249"]
[Site "http://www.queenalice.com/game.php?id=962101"]
[Date "2011.7.19"]
[Round "2"]
[White "Pagano"]
[Black "don_quixote_del_flamingo"]
[Result "0-1"]
[WhiteElo "1853"]
[BlackElo "1970"]

1. e4 e6 2. d3 d5 3. Nd2 c5 4. g3 Nf6 5. Bg2 Nc6 6. Ngf3 Bd6 7. O-O O-O 8. Re1
Qc7 9. c3 b5 10. Qe2 e5 11. exd5 Nxd5 12. c4 bxc4 13. dxc4 Ndb4 14. Ne4 Bg4 15.
a3 Nd4 16. Qe3 Nbc2 17. Qc3 Nxf3+ 0-1

[Event "Challenge"]
[Site "http://www.queenalice.com/game.php?id=964498"]
[Date "2011.7.25"]
[Round "-"]
[White "manasses"]
[Black "don_quixote_del_flamingo"]
[Result "1/2-1/2"]
[WhiteElo "2090"]
[BlackElo "1958"]

1. d4 Nf6 2. c4 e6 3. Nc3 Bb4 4. Qc2 c5 5. dxc5 Nc6 6. Nf3 Bxc5 7. Bg5 Nd4 8.
Nxd4 Bxd4 9. e3 Bc5 10. Be2 b6 11. O-O Bb7 12. Bd3 h6 13. Bxf6 Qxf6 14. Be4 Bc6
15. Rad1 O-O 16. Bxc6 dxc6 17. Rd7 Rfd8 18. Rfd1 Rxd7 19. Rxd7 Kf8 20. Qe4 e5
21. a3 Ke8 22. Rc7 Rd8 23. b4 Qd6 24. Qxc6+ Qxc6 25. Rxc6 Rd3 26. bxc5 Rxc3 27.
g3 Rxc4 28. Rc7 Rxc5 29. Rxa7 Ra5 30. Rxa5 bxa5 31. e4 Kd7 32. Kf1 Kc6 33. Ke2
Kb5 34. Kd3 Ka4 35. f4 Kxa3 36. Kc3 f6 37. f5 a4 38. g4 Ka2 39. Kc2 Ka1 40. h3
h5 1/2-1/2

[Event "Challenge"]
[Site "http://www.queenalice.com/game.php?id=968424"]
[Date "2011.8.3"]
[Round "-"]
[White "don_quixote_del_flamingo"]
[Black "Knight1"]
[Result "0-1"]
[WhiteElo "1975"]
[BlackElo "1982"]

1. d4 d5 2. c4 c6 3. Nc3 Nf6 4. Nf3 e6 5. Bg5 dxc4 6. e4 b5 7. e5 h6 8. Bh4 g5
9. Nxg5 hxg5 10. Bxg5 Nbd7 11. exf6 Bb7 12. Qf3 Qa5 13. Be2 O-O-O 14. Bd2 c5 15.
Qf4 Bh6 16. Qd6 Bxd2+ 17. Kxd2 cxd4 0-1

[Event "AUTO-ADV-2241"]
[Site "http://www.queenalice.com/game.php?id=970289"]
[Date "2011.8.9"]
[Round "1"]
[White "maurice91"]
[Black "don_quixote_del_flamingo"]
[Result "0-1"]
[WhiteElo "1762"]
[BlackElo "1973"]

1. d4 Nf6 2. c4 g6 3. Nc3 Bg7 4. e4 O-O 5. Be2 c6 6. e5 Ne8 7. f4 d6 8. Nf3 f6
9. O-O dxe5 10. fxe5 fxe5 11. dxe5 Qxd1 12. Nxd1 Bg4 13. Bg5 Rf7 14. e6 Bxe6 15.
Rc1 Nd7 16. Nf2 Nd6 17. b3 Raf8 18. Be3 h6 19. h3 b6 20. Nd4 Bxd4 21. Bxd4 c5
22. Be3 Nf5 23. Bd2 Kh7 24. Nh1 Nd4 25. Bd3 Ne5 26. Rxf7+ Rxf7 27. Bb1 Ne2+ 28.
Kh2 Nxc1 29. Bxc1 Rf1 0-1

[Event "AUTO-ADV-2241"]
[Site "http://www.queenalice.com/game.php?id=970290"]
[Date "2011.8.9"]
[Round "1"]
[White "don_quixote_del_flamingo"]
[Black "maurice91"]
[Result "1-0"]
[WhiteElo "2015"]
[BlackElo "1701"]

1. d4 d5 2. c4 Nf6 3. cxd5 Qxd5 4. Nc3 Qd8 5. e4 e6 6. Bg5 Be7 7. Nf3 Nbd7 8.
Bd3 h6 9. Bh4 c5 10. O-O cxd4 11. Nxd4 e5 12. Nb3 Nh7 13. Bxe7 Qxe7 14. Nd5 Qd6
15. Rc1 Nhf6 16. Nc7+ Ke7 17. Nxa8 b6 18. Nc7 Bb7 19. Nb5 Qb8 20. Re1 a6 21. Nc3
Rc8 22. Nd5+ Nxd5 23. exd5 Bxd5 24. Bxa6 Rxc1 25. Qxc1 Qa8 26. Bf1 Qxa2 27. Nd2
Qa5 28. Bc4 f6 29. Bxd5 Qxd5 30. f4 Qd4+ 31. Kh1 Qxf4 32. Ne4 Qf5 33. Qc6 Qe6
34. Qxe6+ Kxe6 35. Rc1 f5 36. Rc6+ Ke7 37. Nc3 e4 38. Kg1 h5 39. Nd5+ Kf7 40.
Nxb6 Ne5 41. Rc7+ Kg6 42. Nd5 Nd3 43. b4 f4 44. g3 f3 45. Nf4+ Nxf4 46. gxf4 e3
47. b5 Kf5 48. Rc4 Kg4 49. b6 e2 50. Kf2 e1=Q+ 51. Kxe1 g5 52. b7 gxf4 53. b8=Q
1-0

[Event "AUTO-ADV-2241"]
[Site "http://www.queenalice.com/game.php?id=970301"]
[Date "2011.8.9"]
[Round "1"]
[White "vult0"]
[Black "don_quixote_del_flamingo"]
[Result "0-1"]
[WhiteElo "1903"]
[BlackElo "1959"]

1. e4 e6 2. d4 d5 3. e5 c5 4. c4 cxd4 5. Qxd4 Nc6 6. Qd1 Nxe5 7. b3 Bb4+ 8. Bd2
Bxd2+ 9. Nxd2 Nf6 10. Ngf3 Qc7 11. Rc1 Nxf3+ 12. Nxf3 Qa5+ 13. Qd2 Qxd2+ 14.
Nxd2 O-O 15. Be2 e5 16. O-O Bf5 17. a4 d4 18. Rcd1 d3 19. Bxd3 Bxd3 20. Rfe1
Rfe8 21. Nf3 e4 22. Nd2 Rad8 23. Nf1 Bxf1 24. Rxf1 Rxd1 25. h3 Rxf1+ 0-1

[Event "AUTO-ADV-2241"]
[Site "http://www.queenalice.com/game.php?id=970302"]
[Date "2011.8.9"]
[Round "1"]
[White "don_quixote_del_flamingo"]
[Black "vult0"]
[Result "1-0"]
[WhiteElo "1981"]
[BlackElo "1962"]

1. d4 d5 2. c4 c6 3. Nc3 e6 4. Nf3 Ne7 5. e3 Ng6 6. b3 Be7 7. Bd3 Bb4 8. Bd2 O-O
9. O-O Qf6 10. Nxd5 exd5 11. Bxb4 Rd8 12. h3 a5 13. Bc3 Be6 14. Qc2 Nd7 15. Nd2
Qg5 16. f4 Qg3 17. Rf3 Qh4 18. f5 Bxf5 19. Bxf5 Qe7 20. Raf1 Nf6 21. R3f2 Nh4
22. Bd3 Qxe3 23. Kh1 Qg5 24. Nf3 Nxf3 25. Rxf3 Re8 26. Bd2 Qh5 27. Rf5 Qh4 28.
Bg5 1-0

[Event "AUTO-ADV-2241"]
[Site "http://www.queenalice.com/game.php?id=970309"]
[Date "2011.8.9"]
[Round "1"]
[White "don_quixote_del_flamingo"]
[Black "Zarathustra"]
[Result "0-1"]
[WhiteElo "2018"]
[BlackElo "1783"]

1. d4 e6 2. e4 d5 3. Nc3 c5 4. exd5 exd5 5. dxc5 Nf6 6. Bg5 Bxc5 7. Nf3 Qb6 8.
Bb5+ Bd7 9. Bxd7+ Nbxd7 10. O-O Qxb2 11. Nxd5 O-O 12. Rb1 Qxa2 13. Nxf6+ Nxf6
14. Bxf6 gxf6 15. Rxb7 Rad8 16. Qc1 Rfe8 17. Nh4 Qd5 18. Rb3 Qd2 19. Qb2 Qxf2+
0-1

[Event "AUTO-ADV-2241"]
[Site "http://www.queenalice.com/game.php?id=970310"]
[Date "2011.8.9"]
[Round "1"]
[White "Zarathustra"]
[Black "don_quixote_del_flamingo"]
[Result "1-0"]
[WhiteElo "1818"]
[BlackElo "1981"]

1. e4 e6 2. d4 d5 3. Nc3 Nf6 4. Bd3 dxe4 5. Nxe4 c5 6. Nxf6+ Qxf6 7. dxc5 Bxc5
8. Nf3 h6 9. O-O Nc6 10. c3 O-O 11. Re1 Re8 12. Qc2 Bd7 13. Be3 Bxe3 14. Rxe3
Rad8 15. Rae1 e5 16. Bh7+ Kh8 17. Be4 Qf4 18. Bxc6 Bxc6 19. Nxe5 Rxe5 20. Rxe5
g6 21. R1e2 Qg4 22. f3 Bxf3 23. h3 Qg3 24. R5e3 g5 25. Rxf3 Qc7 26. Ref2 Rd7 27.
Rf6 Kg7 28. b4 Re7 29. Qd3 Qe5 30. Qf3 Qc7 31. Rf1 a6 32. Qh5 Qxc3 33. Qxh6+ 1-0

[Event "AUTO-OPEN-2438"]
[Site "http://www.queenalice.com/game.php?id=970515"]
[Date "2011.8.9"]
[Round "1"]
[White "don_quixote_del_flamingo"]
[Black "moira"]
[Result "1-0"]
[WhiteElo "1993"]
[BlackElo "1389"]

1. d4 d5 2. c4 e6 3. Nc3 dxc4 4. e4 Nf6 5. Bxc4 Nc6 6. Nf3 Be7 7. O-O Bd7 8. Re1
Ng4 9. Bf4 O-O 10. e5 Nb4 11. a3 Nc6 12. h3 Nh6 13. Bxh6 gxh6 14. Bb3 Bg5 15.
Bc2 Be8 16. Ne4 f5 17. Nfxg5 hxg5 18. Nf6+ Kf7 19. Qh5+ Ke7 20. Qxg5 Nxd4 21.
Rad1 h6 22. Qh4 b5 23. Rxd4 c5 24. Rxd8 Rxd8 25. Ne4+ Kd7 26. Rd1+ Kc7 27. Qxd8+
Kb7 28. Nxc5+ Kc6 29. Qd6# 1-0

[Event "AUTO-OPEN-2438"]
[Site "http://www.queenalice.com/game.php?id=970516"]
[Date "2011.8.9"]
[Round "1"]
[White "moira"]
[Black "don_quixote_del_flamingo"]
[Result "0-1"]
[WhiteElo "1387"]
[BlackElo "1995"]

1. e4 e6 2. d4 d5 3. e5 c5 4. Be3 cxd4 5. Bxd4 Nc6 6. Nf3 Nge7 7. Nc3 Nxd4 8.
Qxd4 a6 9. Bd3 Nc6 10. Qa4 Bd7 11. O-O Nxe5 12. Qb4 Bxb4 13. a3 Nxf3+ 14. gxf3
Bxc3 15. bxc3 Qh4 16. Rfb1 Bc6 17. Kf1 O-O 18. Ke2 e5 19. c4 e4 20. fxe4 dxe4
21. Rxb7 exd3+ 22. cxd3 Bxb7 23. Rb1 Rfe8+ 24. Kd2 Qxf2+ 25. Kc3 Qf6+ 26. Kc2
Re2+ 27. Kb3 Bc6 28. Rb2 Qxb2# 0-1

[Event "AUTO-OPEN-2438"]
[Site "http://www.queenalice.com/game.php?id=970517"]
[Date "2011.8.9"]
[Round "1"]
[White "don_quixote_del_flamingo"]
[Black "jafurlani"]
[Result "1-0"]
[WhiteElo "1963"]
[BlackElo "1809"]

1. d4 Nf6 2. c4 e6 3. Nc3 Bb4 4. Qc2 b6 5. e4 Bxc3+ 6. bxc3 d6 7. a4 Bb7 8. Bd3
Nbd7 9. Ne2 h6 10. f4 O-O 11. O-O e5 12. fxe5 dxe5 13. h3 Qe7 14. Ng3 Rae8 15.
Nf5 Qd8 16. d5 Nc5 17. Rf3 Nxd3 18. Qxd3 Qd7 19. Rg3 Kh7 20. Rxg7+ Kh8 21. Qe3
Ng8 22. Qg3 Nf6 23. Rh7+ 1-0

[Event "AUTO-OPEN-2438"]
[Site "http://www.queenalice.com/game.php?id=970518"]
[Date "2011.8.9"]
[Round "1"]
[White "jafurlani"]
[Black "don_quixote_del_flamingo"]
[Result "1/2-1/2"]
[WhiteElo "1600"]
[BlackElo "2008"]

1. e4 e6 2. d4 d5 3. e5 c5 4. Nf3 Nc6 5. c4 cxd4 6. Nxd4 Nxe5 7. cxd5 exd5 8.
Bb5+ Bd7 9. O-O Nf6 10. Re1 Bd6 11. f4 Ne4 12. fxe5 Bxe5 13. Nc3 Bxh2+ 14. Kxh2
Qh4+ 15. Kg1 Qf2+ 16. Kh1 Qh4+ 17. Kg1 Qf2+ 18. Kh1 Qh4+ 19. Kg1 1/2-1/2

[Event "Challenge"]
[Site "http://www.queenalice.com/game.php?id=981026"]
[Date "2011.9.4"]
[Round "-"]
[White "ATeixeira"]
[Black "don_quixote_del_flamingo"]
[Result "1-0"]
[WhiteElo "2044"]
[BlackElo "2009"]

1. e4 e6 2. d4 d5 3. e5 c5 4. c3 Nc6 5. Nf3 Qb6 6. Be2 cxd4 7. cxd4 Nge7 8. Na3
a6 9. Nc2 Nf5 10. O-O h5 11. Bd3 g6 12. Rb1 Bd7 13. Be3 h4 14. Bxf5 gxf5 15. h3
Be7 16. Bg5 O-O-O 17. Bxe7 Nxe7 18. Qd2 Rdg8 19. Qb4 Qxb4 20. Nxb4 Ng6 21. Rfc1+
Kd8 22. Nd3 Bc6 23. b3 Ke7 24. a4 f6 25. b4 fxe5 26. Nfxe5 Nxe5 27. Nxe5 Rh7 28.
b5 axb5 29. axb5 Bd7 30. Rc7 Kd6 31. Rxb7 Rhg7 32. Kf1 Be8 33. Rxg7 Rxg7 34. b6
Rb7 35. g3 hxg3 36. fxg3 Ke7 37. Kf2 Kd8 38. Ke3 Kc8 39. Kf4 Rh7 40. h4 Rg7 41.
Rb4 Kb7 42. Nd3 Rg4+ 43. Ke5 Rxg3 44. Nc5+ Kb8 45. b7 Rg7 46. Na6+ 1-0

[Event "Challenge"]
[Site "http://www.queenalice.com/game.php?id=981027"]
[Date "2011.9.4"]
[Round "-"]
[White "don_quixote_del_flamingo"]
[Black "ATeixeira"]
[Result "0-1"]
[WhiteElo "1994"]
[BlackElo "2059"]

1. d4 Nf6 2. c4 e6 3. Nc3 Bb4 4. Qc2 c5 5. e3 b6 6. Bd3 Bb7 7. f3 cxd4 8. exd4
Nc6 9. Ne2 Bxc3+ 10. Qxc3 h6 11. Bf4 d6 12. Ng3 d5 13. b3 dxc4 14. bxc4 Qxd4 15.
Qxd4 Nxd4 16. O-O Rd8 17. Rad1 Nc6 18. Ne4 Nxe4 19. Bxe4 Na5 20. Rxd8+ Kxd8 21.
Be5 f6 22. Bxb7 Nxb7 23. Bb8 a6 24. Ba7 Kc7 25. Rb1 b5 26. cxb5 axb5 27. Rxb5
Ra8 28. Bb6+ Kc6 29. Rb2 Nd6 30. Bd4 e5 31. Bc3 Nc4 32. Rc2 Kd5 33. Kf2 h5 34.
h4 g6 35. Ke2 f5 36. Kd3 e4+ 37. fxe4+ fxe4+ 38. Ke2 Ra4 39. Bf6 Ra3 40. Bg5 Rg3
41. Kf2 Rd3 42. Rc1 e3+ 43. Kf3 Ra3 44. Rd1+ Nd2+ 45. Ke2 Ke4 46. Ra1 Nb3 47.
Rb1 Rxa2+ 48. Ke1 Nd4 49. g3 Rh2 0-1